000 00231 a2200109 4500
020 _a9780590451567
041 _aeng
100 _aEllen Levine
245 _aIf You Traveled On The Underground Railroad
942 _cBK
952 _71
999 _c23641
_d23641